| 000 | 00822nam a2200241 a 4500 | ||
|---|---|---|---|
| 001 | 000019469 | ||
| 005 | 20240904103801.0 | ||
| 008 | 100629s2005 sp a 000 0 spa d | ||
| 020 | _a8497647645 | ||
| 040 |
_aDO-SdBNP _bspa _cBNPHU |
||
| 082 |
_a928.2 _bA933S |
||
| 100 | 1 |
_aSánchez Vadillo, Óscar _941818 |
|
| 245 | 1 | 0 |
_aJane Austen / _cÓscar Sánchez Vadillo. |
| 260 |
_aMadrid : _bEdimat Libros, _c2005. |
||
| 300 |
_a192 p. : _bil. ; _c23 cm. |
||
| 490 | 1 | _aMujeres en la historia | |
| 500 | _aIncluye datos biográficos del autor en la solapa de la cubierta | ||
| 504 | _aIncluye referencias bibliográficas ( p. 191-192) | ||
| 600 | 1 | 0 |
_aAusten, Jane, _d1775-1817 _938178 |
| 600 | 1 | 4 |
_aAUSTEN , JANE, _d1775-1817 _xCRÍTICA E INTERPRETACIÓN _941819 |
| 830 | 0 |
_aMujeres en la historia _941760 |
|
| 049 | _aBNPD | ||
| 999 |
_c18985 _d18985 |
||